Tapping panel dryness: An annotated bibliography (Record no. 44228)

MARC details
000 -LEADER
fixed length control field 00374nam a2200133Ia 4500
020 ## - INTERNATIONAL STANDARD BOOK NUMBER
ISBN 8187439084
082 ## - DEWEY DECIMAL CLASSIFICATION NUMBER
Classification number 678.4:016TPD
Item number RRI
100 ## - MAIN ENTRY--AUTHOR NAME
Personal name Jose, Mercy
245 #0 - TITLE STATEMENT
Title Tapping panel dryness: An annotated bibliography
260 ## - PUBLICATION, DISTRIBUTION, ETC. (IMPRINT)
Place of publication Kottayam
Name of publisher Rubber Research Institute of India
Year of publication 2005
700 ## - ADDED ENTRY--PERSONAL NAME
Personal name Latha, N
942 ## - ADDED ENTRY ELEMENTS (KOHA)
Koha item type Books
Holdings
Withdrawn status Lost status Damaged status Not for loan Home library Current library Date acquired Source of acquisition Full call number Accession Number Koha item type
        RRII Library RRII Library 16/12/2021 Gift 678.4:016TPD RRI G00976 Books